| 000 | 00489cam a2200181ua 4500 | ||
|---|---|---|---|
| 020 | _a1 56081 907 3 | ||
| 041 |
_aeng _h |
||
| 082 |
_a543.0873 _bSNE/LA |
||
| 100 | _aSnedden, Joseph . | ||
| 245 |
_aLasers in analytical atomic spectroscopy / _cJoseph Snidden. _hTextual Documents |
||
| 260 |
_aWeinheim : _bV C H publishers Inc , _c1997. |
||
| 300 | _a275 ; . | ||
| 504 | _a | ||
| 700 | 1 | _aLee, Yong-ill . | |
| 700 | 1 | _aThiem, Terry L . | |
| 942 | _cBK | ||
| 999 |
_c10416 _d10416 |
||